{"text_format":"3","workbook":"xlsx","n_sheets":5,"sheets":["表-04 单位工程招标控制价汇总表-1","表-08 分部分项工程和单价措施项目清单与计价表-1","1.1.1综合单价计算表","表-11 总价措施项目清单与计价表-1","表-13 规费、税金项目清单与计价表-1"],"read":"whole","date_system":"1900"}

{"sheet":"表-04 单位工程招标控制价汇总表-1","index":0,"n_rows":38,"n_cols":6,"rows_kept":38,"merged":[[0,0,0,6],[1,0,1,2],[1,4,1,6],[2,2,2,4],[3,2,3,4],[4,2,4,4],[5,2,5,4],[6,2,6,4],[7,2,7,4],[8,2,8,4],[9,2,9,4],[10,2,10,4],[11,2,11,4],[12,2,12,4],[13,2,13,4],[14,2,14,4],[15,2,15,4],[16,2,16,4],[17,2,17,4],[18,2,18,4],[19,2,19,4],[20,2,20,4],[21,2,21,4],[22,2,22,4],[23,2,23,4],[24,2,24,4],[25,2,25,4],[26,2,26,4],[27,2,27,4],[28,2,28,4],[29,2,29,4],[30,2,30,4],[31,2,31,4],[32,2,32,4],[33,2,33,4],[34,2,34,4],[35,0,35,1],[35,2,35,4],[36,0,36,6],[37,0,37,2],[37,4,37,6]]}
["单位工程招标控制价汇总表"]
["工程名称：南村镇剑桥郡小学围墙加高改造工程",null,null,"标段：","第 1 页  共 1 页"]
["序号","汇总内容","金额:(元)",null,null,"其中：暂估价(元)"]
["1","分部分项合计","237239.78"]
["2","措施合计","44615.42"]
["2.1","绿色施工安全防护措施费","21323.09"]
["2.2","其他措施费","23292.33"]
["3","其他项目","5352.90",null,null,"－"]
["3.1","暂列金额"]
["3.2","暂估价"]
["3.3","计日工"]
["3.4","总承包服务费"]
["3.5","预算包干费","5352.90"]
["3.6","工程优质费"]
["3.7","概算幅度差"]
["3.8","索赔费用"]
["3.9","现场签证费用"]
["3.10","其他费用"]
["4","税前工程造价","287208.10"]
["5","增值税销项税额","25848.73",null,null,"－"]
["6","总造价","313056.83"]
["7","人工费","77272.58"]
{"$rows_empty":13}
["招标控制价合计=1+2+3+4+5",null,"313,056.83",null,null,"0.00"]
["注：本表适用于单位工程招标控制价或投标报价的汇总，如无单位工程划分，单项工程也使用本表汇总"]
[{"$nulls":4},"表—04"]

{"sheet":"表-08 分部分项工程和单价措施项目清单与计价表-1","index":1,"n_rows":53,"n_cols":11,"rows_kept":53,"merged":[[0,0,0,11],[1,0,1,3],[1,4,1,7],[1,8,1,11],[2,0,4,0],[2,1,4,1],[2,2,4,2],[2,3,4,4],[2,5,4,5],[2,6,4,6],[2,7,2,10],[3,7,4,8],[3,9,4,9],[5,3,5,4],[5,7,5,8],[6,3,6,4],[6,7,6,8],[7,3,7,4],[7,7,7,8],[8,3,8,4],[8,7,8,8],[9,3,9,4],[9,7,9,8],[10,3,10,4],[10,7,10,8],[11,3,11,4],[11,7,11,8],[12,3,12,4],[12,7,12,8],[13,3,13,4],[13,7,13,8],[14,3,14,4],[14,7,14,8],[15,3,15,4],[15,7,15,8],[16,3,16,4],[16,7,16,8],[17,3,17,4],[17,7,17,8],[18,3,18,4],[18,7,18,8],[19,3,19,4],[19,7,19,8],[20,3,20,4],[20,7,20,8],[21,3,21,4],[21,7,21,8],[22,3,22,4],[22,7,22,8],[23,0,23,8],[24,0,24,11],[25,0,25,3],[25,4,25,7],[25,8,25,11],[26,0,26,11],[27,0,27,3],[27,4,27,7],[27,8,27,11],[28,0,30,0],[28,1,30,1],[28,2,30,2],[28,3,30,4],[28,5,30,5],[28,6,30,6],[28,7,28,10],[29,7,30,8],[29,9,30,9],[31,3,31,4],[31,7,31,8],[32,3,32,4],[32,7,32,8],[33,3,33,4],[33,7,33,8],[34,3,34,4],[34,7,34,8],[35,3,35,4],[35,7,35,8],[36,3,36,4],[36,7,36,8],[37,3,37,4],[37,7,37,8],[38,3,38,4],[38,7,38,8],[39,3,39,4],[39,7,39,8],[40,3,40,4],[40,7,40,8],[41,3,41,4],[41,7,41,8],[42,3,42,4],[42,7,42,8],[43,3,43,4],[43,7,43,8],[44,3,44,4],[44,7,44,8],[45,3,45,4],[45,7,45,8],[46,3,46,4],[46,7,46,8],[47,3,47,4],[47,7,47,8],[48,3,48,4],[48,7,48,8],[49,0,49,8],[50,0,50,8],[51,0,51,11],[52,0,52,3],[52,4,52,7],[52,8,52,11]]}
["分部分项工程和单价措施项目清单与计价表"]
["工程名称：南村镇剑桥郡小学围墙加高改造工程",{"$nulls":3},"标段：",{"$nulls":3},"第 1 页  共 2 页"]
["序号","项目编码","项目名称","项目特征描述",null,"计量单位","工程量","金额（元）"]
[{"$nulls":7},"综合单价",null,"综合合价","其中"]
[{"$nulls":10},"暂估价"]
[null,null,"整个项目",{"$nulls":6},237239.78]
[1,"011609001001","栏杆、栏板拆除","1.种类:现状铁围栏",null,"m",195,28.56,null,5569.2]
[2,"010103002001","余方弃置","1.废弃料品种:拆除废料\n2.运距:15KM",null,"m3",3.9,111.95,null,436.61]
[3,"010301001001","预制钢筋混凝土方桩","1.桩截面:200*200小方桩\n2.桩长:5.5m",null,"m",858,61.62,null,52869.96]
[4,"010103001001","回填方","1.填方材料品种:6%水泥石屑回填",null,"m3",9.78,405.91,null,3969.8]
[5,"010501001001","垫层","1.混凝土强度等级:C15",null,"m3",4.89,668.41,null,3268.52]
[6,"010501003001","独立基础","1.混凝土强度等级:C25",null,"m3",13.2,696.42,null,9192.74]
[7,"010502001001","矩形柱","1.混凝土强度等级:C25",null,"m3",16.37,815.52,null,13350.06]
[8,"010503001001","基础梁","1.混凝土强度等级:C25",null,"m3",14.35,694.41,null,9964.78]
[9,"010515001001","现浇构件钢筋","1.钢筋种类、规格:现浇构件圆钢 φ25内",null,"t",0.319,4878.18,null,1556.14]
[10,"010515001002","现浇构件钢筋","1.钢筋种类、规格:现浇构件箍筋 圆钢 φ10以内",null,"t",0.593,6278.76,null,3723.3]
[11,"010515001003","现浇构件钢筋","1.钢筋种类、规格:现浇构件带肋钢筋 φ25以内",null,"t",1.241,5145.08,null,6385.04]
[12,"010401003001","实心砖墙","1.墙体类型:M7.5砌筑MU10轻质水泥砖墙",null,"m3",83.42,571.87,null,47705.4]
[13,"010101003001","挖沟槽土方","1.土壤类别:一、二类土",null,"m3",269.93,7.61,null,2054.17]
[14,"010103001002","回填方","1.填方材料品种:回填土",null,"m3",192.08,19.53,null,3751.32]
[15,"010103002002","余方弃置","1.废弃料品种:余泥土\n2.运距:15KM",null,"m3",77.85,43.46,null,3383.36]
[16,"011201001002","墙面一般抹灰","1.底层厚度、砂浆配合比:20厚WPM20水泥砂浆批荡层",null,"m2",527.7,39.09,null,20627.79]
[17,"011406001001","抹灰面油漆","1.油漆品种、刷漆遍数:米黄色石漆",null,"m2",527.7,58.09,null,30654.09]
["本页小计",{"$nulls":8},218462.28]
["注：为计取规费等的使用，可在表中增设其中：“定额人工费”。"]
[{"$nulls":8},"表—08"]
["分部分项工程和单价措施项目清单与计价表"]
["工程名称：南村镇剑桥郡小学围墙加高改造工程",{"$nulls":3},"标段：",{"$nulls":3},"第 2 页  共 2 页"]
["序号","项目编码","项目名称","项目特征描述",null,"计量单位","工程量","金额（元）"]
[{"$nulls":7},"综合单价",null,"综合合价","其中"]
[{"$nulls":10},"暂估价"]
[18,"011503001001","金属扶手、栏杆、栏板","1.部位:C段围墙\n2.材质:1.2厚50X50不锈钢管（304）、1.2厚25X25不锈钢管（304）\n3.高度:500\n4.枪头:25厚175X53MM不锈钢防盗锥（成品），300长不锈钢带座枪头（成品），每米8个",null,"m",72.5,259,null,18777.5]
[null,null,"措施项目",{"$nulls":6},30086.13]
[19,"粤011701008001","综合钢脚手架",null,null,"m2",780,8.71,null,6793.8]
[20,"011702002001","矩形柱","1.矩形柱模板",null,"m2",164.53,70.13,null,11538.49]
[21,"011702001001","基础","1.基础类型:独立基础模板",null,"m2",57.41,50.25,null,2884.85]
[22,"011702001002","基础","1.基础类型:垫层模板",null,"m2",17.47,29.79,null,520.43]
[23,"011702005001","基础梁","1.基础梁模板",null,"m2",143.52,58.17,null,8348.56]
{"$rows_empty":11}
["本页小计",{"$nulls":8},48863.63]
["合   计",{"$nulls":8},267325.91]
["注：为计取规费等的使用，可在表中增设其中：“定额人工费”。"]
[{"$nulls":8},"表—08"]

{"sheet":"1.1.1综合单价计算表","index":2,"n_rows":59,"n_cols":14,"rows_kept":59,"merged":[[0,0,0,14],[1,0,1,9],[1,10,1,14],[2,0,3,0],[2,1,3,1],[2,2,3,3],[2,4,3,4],[2,5,3,5],[2,6,2,12],[2,13,3,13],[3,9,3,10],[4,0,5,0],[4,2,4,3],[4,9,4,10],[4,13,4,13],[5,2,5,3],[5,9,5,10],[5,13,5,13],[6,0,7,0],[6,2,6,3],[6,9,6,10],[6,13,6,13],[7,2,7,3],[7,9,7,10],[7,13,7,13],[8,0,9,0],[8,2,8,3],[8,9,8,10],[8,13,8,13],[9,2,9,3],[9,9,9,10],[9,13,9,13],[10,0,13,0],[10,2,10,3],[10,9,10,10],[10,13,10,13],[11,2,11,3],[11,9,11,10],[11,13,13,13],[12,2,12,3],[12,9,12,10],[13,2,13,3],[13,9,13,10],[14,0,15,0],[14,2,14,3],[14,9,14,10],[14,13,14,13],[15,2,15,3],[15,9,15,10],[15,13,15,13],[16,0,17,0],[16,2,16,3],[16,9,16,10],[16,13,16,13],[17,2,17,3],[17,9,17,10],[17,13,17,13],[18,0,18,0],[18,2,18,3],[18,9,18,10],[18,13,18,13],[19,0,19,14],[20,0,20,9],[20,10,20,14],[21,0,22,0],[21,1,22,1],[21,2,22,3],[21,4,22,4],[21,5,22,5],[21,6,21,12],[21,13,22,13],[22,9,22,10],[23,0,23,0],[23,2,23,3],[23,9,23,10],[23,13,23,13],[24,0,25,0],[24,2,24,3],[24,9,24,10],[24,13,24,13],[25,2,25,3],[25,9,25,10],[25,13,25,13],[26,0,27,0],[26,2,26,3],[26,9,26,10],[26,13,26,13],[27,2,27,3],[27,9,27,10],[27,13,27,13],[28,0,29,0],[28,2,28,3],[28,9,28,10],[28,13,28,13],[29,2,29,3],[29,9,29,10],[29,13,29,13],[30,0,31,0],[30,2,30,3],[30,9,30,10],[30,13,30,13],[31,2,31,3],[31,9,31,10],[31,13,31,13],[32,0,33,0],[32,2,32,3],[32,9,32,10],[32,13,32,13],[33,2,33,3],[33,9,33,10],[33,13,33,13],[34,0,36,0],[34,2,34,3],[34,9,34,10],[34,13,34,13],[35,2,35,3],[35,9,35,10],[35,13,36,13],[36,2,36,3],[36,9,36,10],[37,0,37,0],[37,2,37,3],[37,9,37,10],[37,13,37,13],[38,0,38,14],[39,0,39,9],[39,10,39,14],[40,0,41,0],[40,1,41,1],[40,2,41,3],[40,4,41,4],[40,5,41,5],[40,6,40,12],[40,13,41,13],[41,9,41,10],[42,0,42,0],[42,2,42,3],[42,9,42,10],[42,13,42,13],[43,0,45,0],[43,2,43,3],[43,9,43,10],[43,13,43,13],[44,2,44,3],[44,9,44,10],[44,13,45,13],[45,2,45,3],[45,9,45,10],[46,0,47,0],[46,2,46,3],[46,9,46,10],[46,13,46,13],[47,2,47,3],[47,9,47,10],[47,13,47,13],[48,0,50,0],[48,2,48,3],[48,9,48,10],[48,13,48,13],[49,2,49,3],[49,9,49,10],[49,13,50,13],[50,2,50,3],[50,9,50,10],[51,0,53,0],[51,2,51,3],[51,9,51,10],[51,13,51,13],[52,2,52,3],[52,9,52,10],[52,13,53,13],[53,2,53,3],[53,9,53,10],[54,0,54,0],[54,2,54,3],[54,9,54,10],[54,13,54,13],[55,0,55,0],[55,2,55,3],[55,9,55,10],[55,13,55,13],[56,0,56,0],[56,2,56,3],[56,9,56,10],[56,13,56,13],[57,0,57,0],[57,2,57,3],[57,9,57,10],[57,13,57,13],[58,2,58,3],[58,9,58,10]]}
["综合单价计算表"]
["工程名称：南村镇剑桥郡小学围墙加高改造工程",{"$nulls":9},"第 1 页 共 3 页"]
["序号","编码","名称",null,"单位","工程量 ","其中：（元）",{"$nulls":6},"综合单价\n（元）"]
[{"$nulls":6},"人工费","材料费","机具费","管理费",null,"利润","小计"]
[1,"011609001001","栏杆、栏板拆除",null,"m","195",21.3,null,null,3,null,4.26,28.56]
[null,"A1-19-46","栏杆、栏板拆除 金属",null,"10m",19.5,21.3,null,null,3,null,4.26,28.56,28.56]
[2,"010103002001","余方弃置",null,"m3","3.9",14.83,null,68.67,11.75,null,16.7,111.95]
[null,"A1-19-69 换","拆除废料外运 人工装自卸汽车运 3km内 \u007f实际运距(km):15",null,"10m3",0.39,14.83,null,68.67,11.75,null,16.7,111.95,111.95]
[3,"010301001001","预制钢筋混凝土方桩",null,"m","858",8.34,37.02,9.57,3.11,null,3.58,61.62]
[null,"A1-3-1","打预制方桩 截面300×300mm,桩长(m) 12以内 陆上",null,"100m",8.58,8.34,37.02,9.57,3.11,null,3.58,61.62,61.62]
[4,"010103001001","回填方",null,"m3","9.78",50.78,284.2,40.57,12.09,null,18.27,405.91]
[null,"A1-1-131 换","回填石屑",null,"100m3",0.0978,39.89,0.68,1.46,6.41,null,8.27,56.71,405.91]
[null,"借D2-2-4","集中拌合水泥石屑混合料 水泥含量 6%",null,"m3",9.78,10.89,283.52,8.06,2.15,null,3.79,308.41]
[null,"借D2-2-8 换","自卸汽车运输水泥石屑(碎石)混合料 自卸汽车装载 第一个1km \u007f实际运距(km):15",null,"100m3",0.0978,null,null,31.05,3.53,null,6.21,40.79]
[5,"010501001001","垫层",null,"m3","4.89",57.84,582.38,null,16.63,null,11.57,668.41]
[null,"A1-5-78 换","混凝土垫层 \u007f合并制作子目 普通预拌混凝土 碎石粒径综合考虑 C15",null,"10m3",0.489,57.84,582.38,null,16.63,null,11.57,668.41,668.41]
[6,"010501003001","独立基础",null,"m3","13.2",45.69,627.25,0.81,13.37,null,9.3,696.42]
[null,"A1-5-2 换","现浇建筑物混凝土 其他混凝土基础 \u007f合并制作子目 普通预拌混凝土 碎石粒径综合考虑 C25",null,"10m3",1.32,45.69,627.25,0.81,13.37,null,9.3,696.42,696.42]
[7,"010502001001","矩形柱",null,"m3","16.37",118.1,637.91,1.3,34.33,null,23.88,815.52]
["综合单价计算表"]
["工程名称：南村镇剑桥郡小学围墙加高改造工程",{"$nulls":9},"第 2 页 共 3 页"]
["序号","编码","名称",null,"单位","工程量 ","其中：（元）",{"$nulls":6},"综合单价\n（元）"]
[{"$nulls":6},"人工费","材料费","机具费","管理费",null,"利润","小计"]
[null,"A1-5-5 换","现浇建筑物混凝土 矩形、多边形、异形、圆形柱、钢管柱 \u007f合并制作子目 普通预拌混凝土 碎石粒径综合考虑 C25",null,"10m3",1.637,118.1,637.91,1.3,34.33,null,23.88,815.52,815.52]
[8,"010503001001","基础梁",null,"m3","14.35",36.43,638.26,1.31,10.85,null,7.55,694.41]
[null,"A1-5-8 换","现浇建筑物混凝土 基础梁 \u007f合并制作子目 普通预拌混凝土 碎石粒径综合考虑 C25",null,"10m3",1.435,36.43,638.26,1.31,10.85,null,7.55,694.4,694.41]
[9,"010515001001","现浇构件钢筋",null,"t","0.319",445.02,4138.43,52.29,142.98,null,99.46,4878.18]
[null,"A1-5-103","现浇构件圆钢 φ25内",null,"t",0.319,445.02,4138.43,52.29,142.98,null,99.47,4878.18,4878.18]
[10,"010515001002","现浇构件钢筋",null,"t","0.593",1246.1,4336.78,59.43,375.34,null,261.11,6278.76]
[null,"A1-5-111","现浇构件箍筋 圆钢 φ10以内",null,"t",0.593,1246.1,4336.78,59.43,375.35,null,261.11,6278.75,6278.76]
[11,"010515001003","现浇构件钢筋",null,"t","1.241",478.16,4354.15,53.56,152.87,null,106.34,5145.08]
[null,"A1-5-106","现浇构件带肋钢筋 φ25以内",null,"t",1.241,478.16,4354.15,53.56,152.87,null,106.34,5145.08,5145.08]
[12,"010401003001","实心砖墙",null,"m3","83.42",190.98,313.78,null,28.92,null,38.2,571.87]
[null,"A1-4-6 换","混水砖外墙 墙体厚度 1砖 \u007f合并制作子目 砌筑用水泥砂浆(配合比) 中砂 M7.5",null,"10m3",8.342,190.98,313.78,null,28.92,null,38.2,571.87,571.87]
[13,"010101003001","挖沟槽土方",null,"m3","269.93",2.1,null,3.52,0.87,null,1.12,7.61]
[null,"A1-1-18","人工挖沟槽土方 一、二类土 深度在2m内",null,"100m3",0.134965,1.49,null,null,0.23,null,0.3,2.02,7.61]
[null,"A1-1-41","挖掘机挖沟槽、基坑土方 一、二类土",null,"1000m3",0.256434,0.61,null,3.52,0.64,null,0.83,5.59]
[14,"010103001002","回填方",null,"m3","192.08",12.32,null,2.09,2.23,null,2.88,19.53]
["综合单价计算表"]
["工程名称：南村镇剑桥郡小学围墙加高改造工程",{"$nulls":9},"第 3 页 共 3 页"]
["序号","编码","名称",null,"单位","工程量 ","其中：（元）",{"$nulls":6},"综合单价\n（元）"]
[{"$nulls":6},"人工费","材料费","机具费","管理费",null,"利润","小计"]
[null,"A1-1-129","回填土 夯实机夯实 槽、坑",null,"100m3",1.9208,12.32,null,2.09,2.23,null,2.88,19.53,19.53]
[15,"010103002002","余方弃置",null,"m3","77.85",0.39,null,31.69,4.97,null,6.42,43.46]
[null,"A1-1-52","装载机装土方",null,"1000m3",0.07785,0.39,null,1.52,0.3,null,0.38,2.59,43.46]
[null,"A1-1-53 换","自卸汽车运土方 运距1km内 \u007f实际运距(km):15",null,"1000m3",0.07785,null,null,30.16,4.68,null,6.03,40.87]
[16,"011201001002","墙面一般抹灰",null,"m2","527.7",19.41,12.8,null,3.01,null,3.88,39.09]
[null,"A1-13-2 换","底层抹灰15mm 各种墙面 外墙 \u007f实际水泥石灰砂浆厚度(mm):20 \u007f合并制作子目 抹灰水泥砂浆(配合比) 中砂 1:2",null,"100m2",5.277,19.41,12.8,null,3.01,null,3.88,39.09,39.09]
[17,"011406001001","抹灰面油漆",null,"m2","527.7",22.19,28.12,null,3.34,null,4.44,58.09]
[null,"A1-15-202 换","外墙真石漆涂料遍数(遍):3 \u007f换为【真石面漆】",null,"100m2",5.277,12.45,17.23,null,1.88,null,2.49,34.05,58.09]
[null,"A1-15-150 换","成品腻子粉(一般型)Y型 墙面 满刮一遍 \u007f实际腻子遍数(遍):3",null,"100m2",5.277,9.73,10.89,null,1.47,null,1.95,24.04]
[18,"011503001001","金属扶手、栏杆、栏板",null,"m","72.5",70.98,146.49,12.94,11.81,null,16.78,259]
[null,"A1-16-106 换","钢栏杆 制安 \u007f换为【镀锌钢管综合】",null,"100m",0.725,33.39,78.43,11.9,6.37,null,9.06,139.14,259]
[null,"A1-16-112 换","铸铁花件栏杆 安装",null,"100m",0.725,37.59,68.06,1.04,5.44,null,7.73,119.86]
[]
[]
[]
[]
[null,null,"合计",{"$nulls":3},2840.96,16137.57,337.75,831.47,null,635.74,20783.47,20783.47]

{"sheet":"表-11 总价措施项目清单与计价表-1","index":3,"n_rows":19,"n_cols":11,"rows_kept":19,"merged":[[0,0,0,11],[1,0,1,5],[1,6,1,7],[1,8,1,11],[2,5,2,6],[2,7,2,8],[3,5,3,6],[3,7,3,8],[4,5,4,6],[4,7,4,8],[5,5,5,6],[5,7,5,8],[6,5,6,6],[6,7,6,8],[7,5,7,6],[7,7,7,8],[8,5,8,6],[8,7,8,8],[9,5,9,6],[9,7,9,8],[10,5,10,6],[10,7,10,8],[11,5,11,6],[11,7,11,8],[12,5,12,6],[12,7,12,8],[13,5,13,6],[13,7,13,8],[14,5,14,6],[14,7,14,8],[15,5,15,6],[15,7,15,8],[16,0,16,4],[16,5,16,6],[16,7,16,8],[17,0,17,5],[17,6,17,11],[18,0,18,5],[18,6,18,7],[18,8,18,11]]}
["总价措施项目清单与计价表"]
["工程名称：南村镇剑桥郡小学围墙加高改造工程",{"$nulls":5},"标段：",null,"第 1 页  共 1 页"]
["序号","项目编码","项目名称","计算基础","费率\n(%)","金额\n(元)",null,"调整\n费率(%)",null,"调整后\n金额(元)","备注"]
["1","LSSGCSF00001","绿色施工安全防护措施费","分部分项人工费+分部分项机具费","19",14529.29,{"$nulls":4},"以分部分项的人工费与施工机具费之和为计算基础，费率19%"]
["2","WMGDZJF00001","文明工地增加费","分部分项人工费+分部分项机具费","0",{"$nulls":5},"以分部分项的人工费与施工机具费之和为计算基础，市级文明工地为1.20%；省级文明工地为2.10%"]
["3","011707002001","夜间施工增加费",null,"20",{"$nulls":5},"以夜间施工项目人工费的20%计算"]
["4","GGCSF0000001","赶工措施费","分部分项人工费+分部分项机具费","0",{"$nulls":5},"赶工措施费=（1-δ）*分部分项的（人工费+施工机具费）*0.3 （0.8≤δ＜1   式中：δ=合同工期/定额工期）"]
["5","QTFY00000001","其他费用",{"$nulls":7},"按经批准的专项施工组织方案计算"]
{"$rows_empty":8}
["合    计",{"$nulls":4},14529.29]
["编制人（造价人员）：",{"$nulls":5},"复核人（造价工程师）："]
[{"$nulls":8},"表-11"]

{"sheet":"表-13 规费、税金项目清单与计价表-1","index":4,"n_rows":36,"n_cols":8,"rows_kept":36,"merged":[[0,0,0,8],[1,0,1,2],[1,3,1,5],[1,6,1,8],[2,2,2,3],[2,5,2,6],[3,2,3,3],[3,5,3,6],[4,2,4,3],[4,5,4,6],[5,2,5,3],[5,5,5,6],[6,2,6,3],[6,5,6,6],[7,2,7,3],[7,5,7,6],[8,2,8,3],[8,5,8,6],[9,2,9,3],[9,5,9,6],[10,2,10,3],[10,5,10,6],[11,2,11,3],[11,5,11,6],[12,2,12,3],[12,5,12,6],[13,2,13,3],[13,5,13,6],[14,2,14,3],[14,5,14,6],[15,2,15,3],[15,5,15,6],[16,2,16,3],[16,5,16,6],[17,2,17,3],[17,5,17,6],[18,2,18,3],[18,5,18,6],[19,2,19,3],[19,5,19,6],[20,2,20,3],[20,5,20,6],[21,2,21,3],[21,5,21,6],[22,2,22,3],[22,5,22,6],[23,2,23,3],[23,5,23,6],[24,2,24,3],[24,5,24,6],[25,2,25,3],[25,5,25,6],[26,2,26,3],[26,5,26,6],[27,2,27,3],[27,5,27,6],[28,2,28,3],[28,5,28,6],[29,2,29,3],[29,5,29,6],[30,2,30,3],[30,5,30,6],[31,2,31,3],[31,5,31,6],[32,2,32,3],[32,5,32,6],[33,0,33,6],[34,0,34,2],[34,3,34,8],[35,0,35,2],[35,3,35,5],[35,6,35,8]]}
["规费、税金项目清单与计价表"]
["工程名称：南村镇剑桥郡小学围墙加高改造工程",null,null,"标段：",null,null,"第 1 页  共 1 页"]
["序号","项目名称","计算基础",null,"取费基数","计算费率\n(%)",null,"金额(元)"]
["1","增值税销项税额","分部分项合计+措施合计+其他项目",null,287208.1,"9",null,25848.73]
{"$rows_empty":29}
["合    计",{"$nulls":6},25848.73]
[" 编制人（造价人员）：",null,null,"复核人（造价工程师）："]
[{"$nulls":6},"表—13"]